| 000 | 00691nam a22002297a 4500 | ||
|---|---|---|---|
| 001 | sjds | ||
| 003 | sjds | ||
| 005 | 20220506130842.0 | ||
| 008 | 220506b sp ||||| |||| 00| 0 spa d | ||
| 020 | _a9788420748559 | ||
| 020 | _a8420748552 | ||
| 040 | _csjds | ||
| 041 |
_aspa _heng |
||
| 100 | _aTaylor, Barbara | ||
| 245 | 1 | 3 |
_aEl rio : [La vida natural de un rio vista de cerca] / _ctexto de Barbara Taylor ; fotografías de Frank Greenaway ... ; traduccion de Juan Manuel Ibeas |
| 260 |
_aMadrid : _bAnaya, _c1993 |
||
| 300 |
_a29 p. : _b il. color ; _c 26 cm |
||
| 440 |
_aMira de cerca, _n 5 |
||
| 700 | 1 | 0 | _aGreenaway, Frank |
| 700 | 1 | 0 | _aIbeas Delgado, Juan Manuel. |
| 942 | _cBK | ||
| 999 |
_c27015 _d27015 |
||